Ciencias naturales 8º año Básico: texto del estudiante
محفوظ في:
| المؤلفون الرئيسيون: | , , , |
|---|---|
| التنسيق: | كتاب |
| اللغة: | الإسبانية |
| منشور في: |
Santiago
McGraw-Hill Interamericana
2001
|
| الموضوعات: | |
| الوسوم: |
إضافة وسم
لا توجد وسوم, كن أول من يضع وسما على هذه التسجيلة!
|
MARC
| LEADER | 00000nam a2200000 a 4500 | ||
|---|---|---|---|
| 001 | UCN7839 | ||
| 003 | CL-VaPUC | ||
| 008 | 011026e20010000CL |||||||||||||||||spa|d | ||
| 082 | 0 | 4 | |a 372.35 |b VIL |2 21 |
| 100 | 0 | |a Villagra Massera, Lorenzo |e author |9 463998 | |
| 700 | 0 | |a Cataldo Ramos, Juan |e author |9 463999 | |
| 700 | 0 | |a Cerda Bascuñán, César |e author |9 464000 | |
| 700 | 0 | |a Contreras G., Christian |e author |9 464001 | |
| 245 | 1 | 0 | |a Ciencias naturales 8º año Básico: texto del estudiante |
| 300 | |a 192 p | ||
| 942 | |c BK | ||
| 945 | |d 20011026 00:00:00 |a cmena | ||
| 260 | |a Santiago |b McGraw-Hill Interamericana |c 2001 | ||
| 650 | 0 | |a Educación científica |9 307484 | |
| 650 | 0 | |a Ciencias naturales |9 260542 | |
| 650 | 0 | |a Métodos de enseñanza |9 270413 | |
| 650 | 0 | |a Educación básica |9 224933 | |
| 650 | 0 | |a Libros de texto |9 270019 | |
| 583 | |a last modification |c 20170816 01:29:21 |k Rodrigo Vera | ||
| 999 | |c 298034 |d 298032 | ||
| 952 | |0 0 |1 0 |4 0 |6 372_350000000000000_VIL_2001 |7 0 |8 P |9 353338 |a BIBEDU |b BIBEDU |c BIBEDU_PB |d 2019-11-21 |i 3767914 |o 372.35 VIL 2001 |p 3767914 |r 2024-01-25 |w 2019-11-21 |y BK |k BME | ||
| 952 | |0 0 |1 0 |4 0 |6 372_350000000000000_VIL_2001 |7 0 |8 P |9 353339 |a BIBEDU |b BIBEDU |c BIBEDU_PB |d 2019-11-21 |i 3767930 |o 372.35 VIL 2001 |p 3767930 |r 2024-01-25 |w 2019-11-21 |y BK |k BME | ||